000 00273nam a2200109Ia 4500
008 220216s9999 xx 000 0 und d
100 _aNair V K B
245 0 _aOut of jungles: Common rubber plants
260 _bIndian Rubber Grower
_c1953
300 _a14-Nov
942 _cJS
999 _c64502
_d64502